[Event "IECG TG.2005.0.15444"]
[Site "IECG email"]
[Date "2005.07.09"]
[Round "1"]
[White "Youngren, Bruce"]
[Black "Kirk, Robert"]
[Result "1-0"]
[WhiteElo "1174"]
[BlackElo "904"]
[PlyCount "91"]
[EventDate "2005.07.09"]
[EventType "match (corr)"]
[EventRounds "2"]
[SourceTitle "Corr 2008"]
[Source "ChessBase"]
[SourceDate "2008.06.24"]
[SourceVersion "1"]
[SourceVersionDate "2008.06.24"]
[SourceQuality "1"]

1. d4 Nf6 2. Nf3 e6 3. e3 c5 4. c3 cxd4 5. cxd4 Bb4+ 6. Bd2 Nc6 7. Bd3 0-0 8. 0-0 Qa5 9. a3 Bxd2 10. Nbxd2 d6 11. Re1 Rd8 12. b4 Qh5 13. Rc1 Ne7 14. e4 Ng6 15. Nf1 Nf4 16. Ng3 Qg6 17. Rc7 Rd7 18. Qc2 Rxc7 19. Qxc7 Nd7 20. Qd8+ Nf8 21. Bc4 a5 22. Qxd6 Qf6 23. Re3 axb4 24. Qxb4 Nd7 25. Bb5 Nf8 26. Qc5 Qd8 27. Ne5 f6 28. Nc4 Bd7 29. Bxd7 Nxd7 30. Qd6 Rc8 31. Rc3 g5 32. Rc2 Rc6 33. Qb4 Ne5 34. Ne3 Rb6 35. Rc8 Qxc8 36. Qxb6 Ned3 37. d5 Qc1+ 38. Nef1 Qxa3 39. dxe6 Qe7 40. Nf5 Qxe6 41. Qd8+ Kf7 42. Qc7+ Kf8 43. Qg7+ Ke8 44. Qh8+ Kd7 45. Qxh7+ Kc6 46. Nd4+ 1-0

[Event "IECG TG.2005.0.15426"]
[Site "IECG email"]
[Date "2005.06.06"]
[Round "1"]
[White "Kirk, Robert"]
[Black "O'Donnell, Hugh"]
[Result "1-0"]
[WhiteElo "913"]
[BlackElo "838"]
[PlyCount "25"]
[EventDate "2005.06.06"]
[EventType "match (corr)"]
[EventRounds "2"]
[SourceTitle "Corr 2024"]
[Source "ChessBase"]
[SourceDate "2023.10.19"]
[SourceVersion "1"]
[SourceVersionDate "2023.10.19"]
[SourceQuality "1"]

1. Nf3 Nf6 2. c4 e6 3. Nc3 d5 4. d4 Bb4 5. cxd5 exd5 6. Ne5 0-0 7. Qb3 Qe7 8. Bd2 Nc6 9. Nxd5 Bxd2+ 10. Kxd2 Nxd4 11. Nxe7+ Kh8 12. Qxf7 Rxf7 13. Nxf7# 1-0

[Event "IECG TG.2005.0.15334"]
[Site "IECG email"]
[Date "2005.01.15"]
[Round "2"]
[White "Kirk, Robert"]
[Black "Bans, Kamlesh"]
[Result "0-1"]
[WhiteElo "851"]
[BlackElo "904"]
[PlyCount "70"]
[EventDate "2005.01.15"]
[EventType "match (corr)"]
[EventRounds "2"]
[SourceTitle "Corr 2008"]
[Source "ChessBase"]
[SourceDate "2008.06.24"]
[SourceVersion "1"]
[SourceVersionDate "2008.06.24"]
[SourceQuality "1"]

1. Nf3 Nf6 2. c4 g6 3. d4 Bg7 4. Nc3 0-0 5. e4 d6 6. Be2 e5 7. dxe5 dxe5 8. 0-0 Nc6 9. Be3 Bg4 10. Bc5 Re8 11. Ng5 Bh6 12. Nxf7 Kxf7 13. Bxg4 Nxg4 14. Qxg4 Qg5 15. Qd7+ Kg8 16. Qxc7 Rab8 17. Qxb7 Rxb7 18. b3 Bf8 19. Be3 Qf6 20. Nd5 Qe6 21. Bg5 Bc5 22. Nf6+ Kf7 23. Nxe8 Kxe8 24. Bd2 Bb4 25. Rad1 Rd7 26. Rc1 Bxd2 27. Ra1 Nd4 28. Kh1 Ne2 29. f3 g5 30. g4 Qh6 31. Rf2 Ng3+ 32. Kg2 Be3 33. Rc2 Rd3 34. hxg3 Qb6 35. Rh1 Bd2 0-1

[Event "IECG TG.2004.0.15155"]
[Site "IECG email"]
[Date "2004.04.04"]
[Round "1"]
[White "Babcock, Chris"]
[Black "Kirk, Robert"]
[Result "0-1"]
[WhiteElo "883"]
[BlackElo "800"]
[PlyCount "86"]
[EventDate "2004.04.04"]
[EventType "match (corr)"]
[EventRounds "2"]
[SourceTitle "Corr 2008"]
[Source "ChessBase"]
[SourceDate "2008.06.24"]
[SourceVersion "1"]
[SourceVersionDate "2008.06.24"]
[SourceQuality "1"]

1. e4 e5 2. Nf3 Nf6 3. Nc3 Nc6 4. Bc4 Be7 5. d3 d6 6. 0-0 Na5 7. Bb3 Nxb3 8. axb3 0-0 9. Qe2 h6 10. Bd2 Re8 11. Be3 Be6 12. d4 exd4 13. Nxd4 Bd7 14. Qd3 Ng4 15. Bf4 Bf6 16. Nd5 c5 17. Nb5 Bxb5 18. Qxb5 Bxb2 19. Ra2 Bd4 20. c3 Be5 21. Bxe5 Rxe5 22. Qxb7 Rb8 23. Qxa7 Rxb3 24. f3 Nf6 25. Qa8 Qxa8 26. Rxa8+ Kh7 27. Nxf6+ gxf6 28. Rd8 Rxc3 29. Rxd6 Kg7 30. g4 c4 31. Rc6 h5 32. h3 h4 33. Rf2 Re7 34. Rc5 Rd7 35. Kg2 Rc1 36. Rh5 c3 37. Rc5 Rd2 38. f4 Rcc2 39. Rxd2 cxd2 40. Rxc2 d1Q 41. Rf2 Qd3 42. Rf3 Qe2+ 43. Rf2 Qxe4+ 0-1